[Event "Madrid Oliver Gonzalez Memorial-B 3rd"]
[Site "Madrid"]
[Date "2012.09.02"]
[Round "2"]
[White "Calleja Sanchez, Alfredo Jesus"]
[Black "Anton Prado, Augusto"]
[Result "1-0"]
[WhiteElo "1903"]
[BlackElo "1725"]
[PlyCount "33"]
[EventDate "2012.09.01"]
[EventType "swiss"]
[EventRounds "9"]
[EventCountry "ESP"]
[SourceTitle "CBM 150 Extra"]
[Source "ChessBase"]
[SourceDate "2012.10.19"]
[SourceVersion "1"]
[SourceVersionDate "2012.10.19"]
[SourceQuality "1"]

1. e4 e5 2. Nf3 Nf6 3. Nc3 Bb4 4. Bc4 d6 5. d3 0-0 6. 0-0 h6 7. a3 Bxc3 8. bxc3 Nc6 9. Re1 d5 10. exd5 Nxd5 11. Nxe5 Nxe5 12. Rxe5 Nxc3 13. Qe1 Na4 14. Re7 Bd7 15. Qe5 Qxe7 16. Qxe7 Rae8 17. Qb4 1-0

[Event "Tres Cantos op 4th"]
[Site "Tres Cantos"]
[Date "2012.06.23"]
[Round "3"]
[White "Romero Gomez, David"]
[Black "Anton Prado, Augusto"]
[Result "1-0"]
[WhiteElo "1646"]
[BlackElo "1775"]
[PlyCount "131"]
[EventDate "2012.06.21"]
[EventType "swiss"]
[EventRounds "9"]
[EventCountry "ESP"]
[SourceTitle "CBM 149 Extra"]
[Source "ChessBase"]
[SourceDate "2012.08.24"]
[SourceVersion "1"]
[SourceVersionDate "2012.08.24"]
[SourceQuality "1"]

1. d4 d5 2. c4 c6 3. Nf3 Nf6 4. Qc2 e6 5. g3 Na6 6. a3 Bd7 7. Bg2 Rc8 8. c5 Nc7 9. 0-0 Be7 10. Nbd2 0-0 11. b4 h6 12. Nb3 Ne4 13. Ne5 Ng5 14. Na5 Rb8 15. a4 Be8 16. f4 Nh7 17. Rb1 f6 18. Ng6 Bxg6 19. Qxg6 f5 20. Qh5 Nf6 21. Qf3 Rf7 22. b5 Nxb5 23. axb5 Qxa5 24. bxc6 b5 25. Qe3 Ne4 26. Bxe4 fxe4 27. Qa3 Qxa3 28. Bxa3 Bd8 29. Rb3 a5 30. Rfb1 b4 31. Bxb4 axb4 32. Rxb4 Rxb4 33. Rxb4 Bc7 34. Kf2 g5 35. e3 g4 36. Ke2 Kf8 37. Kd1 Ke8 38. Ra4 Rf8 39. Ra7 Kd8 40. Ra8+ Ke7 41. Ra7 Rc8 42. Kc2 Kd8 43. Kb3 Rb8+ 44. Rb7 Kc8 45. Rxb8+ Kxb8 46. Kb4 Ka7 47. Kb5 Bd8 48. c7 Bxc7 49. Kc6 Kb8 50. Kd7 h5 51. Kxe6 Bxf4 52. gxf4 h4 53. f5 g3 54. hxg3 hxg3 55. f6 g2 56. f7 g1Q 57. f8Q+ Ka7 58. Qe7+ Ka6 59. Kxd5 Qxe3 60. Qe6+ Ka5 61. Qxe4 Qg5+ 62. Kc4 Qc1+ 63. Kd5 Qg5+ 64. Qe5 Qg8+ 65. Kc6 Qc8+ 66. Qc7+ 1-0

[Event "Madrid Oliver Gonzalez Memorial 2nd"]
[Site "Madrid"]
[Date "2011.10.08"]
[Round "1"]
[White "Almagro Llamas, Pablo"]
[Black "Anton Prado, Augusto"]
[Result "1-0"]
[WhiteElo "2466"]
[BlackElo "1833"]
[PlyCount "67"]
[EventDate "2011.10.08"]
[EventType "swiss"]
[EventRounds "9"]
[EventCountry "ESP"]
[SourceTitle "CBM 144 Extra"]
[Source "ChessBase"]
[SourceDate "2011.10.28"]
[SourceVersion "1"]
[SourceVersionDate "2011.10.28"]
[SourceQuality "1"]

1. e4 e6 2. d4 d5 3. Nc3 Nf6 4. Bg5 Bb4 5. e5 h6 6. Be3 Ne4 7. Qg4 Kf8 8. a3 Bxc3+ 9. bxc3 Nxc3 10. Bd3 Nc6 11. h4 f5 12. Qf3 Ne7 13. Nh3 c5 14. dxc5 Qc7 15. Bd4 Ne4 16. Nf4 Nxc5 17. Be2 Ne4 18. Qe3 Bd7 19. g4 Kf7 20. h5 Rac8 21. Rc1 Qa5+ 22. Kf1 fxg4 23. Bxg4 Nf5 24. Bxf5 exf5 25. e6+ Bxe6 26. Rg1 Rhg8 27. Rg6 Bd7 28. Nd3 Bb5 29. Kg2 Bxd3 30. cxd3 Rxc1 31. Qxc1 Nd2 32. Qe1 Qa4 33. Qe6+ Kf8 34. Bc5# 1-0

[Event "Tres Cantos op 3rd"]
[Site "Tres Cantos"]
[Date "2011.06.27"]
[Round "6"]
[White "Anton Prado, Augusto"]
[Black "Roa Alonso, Santiago"]
[Result "0-1"]
[WhiteElo "1836"]
[BlackElo "2428"]
[PlyCount "76"]
[EventDate "2011.06.22"]
[EventType "swiss"]
[EventRounds "9"]
[EventCountry "ESP"]
[SourceTitle "EXT 2012"]
[Source "ChessBase"]
[SourceDate "2011.11.24"]
[SourceVersion "1"]
[SourceVersionDate "2011.11.24"]
[SourceQuality "1"]

1. e4 c5 2. Nc3 Nc6 3. g3 g6 4. Bg2 Bg7 5. d3 d6 6. f4 Nf6 7. Nf3 0-0 8. 0-0 Rb8 9. Ne2 b5 10. c3 b4 11. Be3 bxc3 12. bxc3 Qa5 13. Qc2 c4 14. d4 d5 15. h3 Nxe4 16. g4 Bd7 17. Nd2 f5 18. Nxe4 fxe4 19. Rab1 e6 20. Rxb8 Rxb8 21. Rb1 Rxb1+ 22. Qxb1 Qb6 23. Qxb6 axb6 24. g5 b5 25. a3 Bf8 26. Bc1 Bd6 27. h4 Kf7 28. Kf2 Ke7 29. Ke3 Kd8 30. Kd2 Ne7 31. Bh3 Kc7 32. Kc2 Kb6 33. Kb2 Nc6 34. Be3 Ka5 35. Ka2 Ka4 36. Bc1 Na5 37. Ng3 Nb3 38. Bb2 Bxf4 0-1

[Event "Tres Cantos op 3rd"]
[Site "Tres Cantos"]
[Date "2011.06.23"]
[Round "2"]
[White "Anton Prado, Augusto"]
[Black "Salgado Duarte, Pablo"]
[Result "1-0"]
[WhiteElo "1836"]
[BlackElo "1505"]
[PlyCount "39"]
[EventDate "2011.06.22"]
[EventType "swiss"]
[EventRounds "9"]
[EventCountry "ESP"]
[SourceTitle "EXT 2012"]
[Source "ChessBase"]
[SourceDate "2011.11.24"]
[SourceVersion "1"]
[SourceVersionDate "2011.11.24"]
[SourceQuality "1"]

1. e4 e5 2. d4 exd4 3. Qxd4 Nc6 4. Qe3 b6 5. Nc3 Bc5 6. Qg3 Bd4 7. Bd2 Nge7 8. Nf3 Ng6 9. Nxd4 Nxd4 10. 0-0-0 Ne6 11. f4 Nc5 12. f5 Ne7 13. Qxg7 Rf8 14. Qxh7 Bb7 15. Re1 d6 16. Bc4 Nc6 17. Bh6 Qe7 18. Nd5 Qd8 19. Bxf8 Kxf8 20. Qh8# 1-0